[Event "Helsingor Xtracon op"]
[Site "Helsingor"]
[Date "2016.07.29"]
[Round "8"]
[White "Garberg, Tore"]
[Black "Nielsen, Kai Gylling"]
[Result "1-0"]
[WhiteElo "1989"]
[BlackElo "1780"]
[PlyCount "151"]
[EventDate "2016.07.23"]
[EventType "swiss"]
[EventRounds "10"]
[EventCountry "DEN"]
[SourceTitle "CBM 173 Extra"]
[Source "ChessBase"]
[SourceDate "2016.08.29"]
[SourceVersion "1"]
[SourceVersionDate "2016.08.29"]
[SourceQuality "1"]

1. e4 c6 2. c4 d5 3. e5 d4 4. Nf3 c5 5. b4 cxb4 6. a3 e6 7. Bb2 Nc6 8. g3 Bc5 9. d3 Nge7 10. Bg2 Qc7 11. 0-0 0-0 12. Re1 Ng6 13. Qe2 b6 14. axb4 Bxb4 15. Nxd4 Bb7 16. Nb5 Qb8 17. Rd1 a6 18. N5a3 Rd8 19. Nc2 a5 20. Nba3 Nce7 21. f3 Nf5 22. d4 Qc7 23. Nb5 Qe7 24. g4 Nfh4 25. Bh1 Nf4 26. Qe3 Qg5 27. Kf1 Qh6 28. Nxb4 axb4 29. Nd6 Ba6 30. Rac1 Nhg6 31. Rd2 Qh3+ 32. Kg1 Qh6 33. Kf1 Qh3+ 34. Ke1 h5 35. gxh5 Qxh5 36. Qf2 Qg5 37. Qg3 Qh6 38. Rcc2 Ra7 39. Kd1 Bb7 40. Bc1 Qh4 41. Rb2 Qe7 42. Rxb4 Ra6 43. h4 Bc6 44. Qg5 Qxg5 45. hxg5 Ra1 46. Nb5 Nh4 47. Kc2 Ra2+ 48. Bb2 Bxf3 49. Bxf3 Nxf3 50. Rf2 Ne1+ 51. Kb1 Rxb2+ 52. Rbxb2 Ned3 53. Nd6 Nxf2 54. Rxf2 Nh3 55. Rg2 Nf4 56. Rg4 Ne2 57. Kc2 Ra8 58. c5 Ra4 59. c6 Ra2+ 60. Kb3 Nc1+ 61. Kc4 Rb2 62. Rg3 Rc2+ 63. Kb5 Rb2+ 64. Ka6 Rc2 65. Kb7 Na2 66. Rb3 Nc3 67. Rxc3 Rxc3 68. c7 f5 69. exf6 gxf6 70. gxf6 Kf8 71. Kxb6 Rc2 72. Kb7 Rb2+ 73. Kc6 Rc2+ 74. Kd7 Rc1 75. c8R+ Rxc8 76. Kxc8 1-0

[Event "Helsingor Xtracon op"]
[Site "Helsingor"]
[Date "2016.07.24"]
[Round "3"]
[White "Merkesvik, Sondre"]
[Black "Garberg, Tore"]
[Result "1-0"]
[WhiteElo "2263"]
[BlackElo "1989"]
[PlyCount "59"]
[EventDate "2016.07.23"]
[EventType "swiss"]
[EventRounds "10"]
[EventCountry "DEN"]
[SourceTitle "CBM 173 Extra"]
[Source "ChessBase"]
[SourceDate "2016.08.29"]
[SourceVersion "1"]
[SourceVersionDate "2016.08.29"]
[SourceQuality "1"]

1. Nf3 Nf6 2. d4 d5 3. g3 g6 4. Bg2 Bg7 5. c4 c6 6. b3 0-0 7. 0-0 Nbd7 8. Nc3 Nb6 9. Ne5 Ng4 10. Nxg4 Bxg4 11. cxd5 Nxd5 12. Nxd5 cxd5 13. Qd2 Qb6 14. e3 Rfd8 15. Ba3 Bf6 16. Rfc1 h5 17. h4 Qa6 18. Qb4 Rd7 19. Rc5 e6 20. Bf1 Be2 21. Ra5 Qd3 22. Qa4 Rc7 23. Rxa7 Rxa7 24. Qxa7 Qc3 25. Rb1 Bf3 26. Bc5 Kg7 27. Qa3 Kh7 28. Bg2 Bg4 29. Qb4 Rxc5 30. Qxc5 1-0

[Event "Helsingor Xtracon op"]
[Site "Helsingor"]
[Date "2016.07.23"]
[Round "1"]
[White "Janse, Circe"]
[Black "Garberg, Tore"]
[Result "0-1"]
[WhiteElo "1427"]
[BlackElo "1989"]
[PlyCount "60"]
[EventDate "2016.07.23"]
[EventType "swiss"]
[EventRounds "10"]
[EventCountry "DEN"]
[SourceTitle "CBM 173 Extra"]
[Source "ChessBase"]
[SourceDate "2016.08.29"]
[SourceVersion "1"]
[SourceVersionDate "2016.08.29"]
[SourceQuality "1"]

1. e4 c5 2. Nf3 e6 3. d4 cxd4 4. Nxd4 a6 5. Nc3 Qc7 6. Be3 Bb4 7. Qd2 Nf6 8. f3 d5 9. Bd3 e5 10. Nb3 d4 11. Nxd4 exd4 12. Bxd4 Nc6 13. Bxf6 gxf6 14. Qh6 Qe5 15. 0-0 Bxc3 16. bxc3 Qg5 17. Qxg5 fxg5 18. Rab1 Ne5 19. Be2 Ke7 20. f4 gxf4 21. Rxf4 Ng6 22. Rf2 Rd8 23. Bc4 Ne5 24. Bd5 Rb8 25. Rbf1 Be6 26. Bxe6 fxe6 27. Rb1 b5 28. Rbf1 Rf8 29. Rxf8 Rxf8 30. Rd1 Rc8 0-1

[Event "Stavanger op A"]
[Site "Stavanger"]
[Date "2013.05.??"]
[Round "1"]
[White "Garberg, Tore"]
[Black "Getz, Nicolai"]
[Result "0-1"]
[WhiteElo "1921"]
[BlackElo "2355"]
[PlyCount "66"]
[EventDate "2013.05.08"]
[EventType "swiss"]
[EventRounds "6"]
[EventCountry "NOR"]
[SourceTitle "EXT 2024"]
[Source "ChessBase"]
[SourceDate "2023.10.10"]
[SourceVersion "1"]
[SourceVersionDate "2023.10.10"]
[SourceQuality "1"]

1. e4 e6 2. d4 d5 3. Nc3 Nf6 4. e5 Nfd7 5. f4 c5 6. Nf3 Nc6 7. a3 cxd4 8. Nxd4 Ndxe5 9. Bb5 Bd7 10. Nxe6 fxe6 11. fxe5 Nxe5 12. Qh5+ Nf7 13. 0-0 g6 14. Qe2 Bc5+ 15. Kh1 0-0 16. b4 Bd4 17. Bd2 Rc8 18. Bxd7 Qxd7 19. Qd3 Bg7 20. Rae1 Ne5 21. Rxf8+ Rxf8 22. Qh3 Rf2 23. Be3 Rxc2 24. Bxa7 Nc6 25. Nb5 Nxa7 26. Nxa7 Rc3 27. Qg4 Rxa3 28. Nb5 Ra1 29. Rxa1 Bxa1 30. Qe2 Bf6 31. g3 d4 32. Qd3 Qc6+ 33. Kg1 e5 0-1

[Event "Alta CC 40 years"]
[Site "Alta"]
[Date "2013.03.16"]
[Round "4"]
[White "Machlik, Endre"]
[Black "Garberg, Tore"]
[Result "1-0"]
[WhiteElo "1620"]
[BlackElo "1928"]
[PlyCount "81"]
[EventDate "2013.03.15"]
[EventType "swiss"]
[EventCountry "NOR"]
[SourceTitle "EXT 2024"]
[Source "ChessBase"]
[SourceDate "2023.10.10"]
[SourceVersion "1"]
[SourceVersionDate "2023.10.10"]
[SourceQuality "1"]

1. d4 Nf6 2. c4 g6 3. Nc3 d5 4. cxd5 Nxd5 5. Na4 e5 6. dxe5 Bb4+ 7. Bd2 Ne3 8. fxe3 Bxd2+ 9. Qxd2 Qh4+ 10. g3 Qxa4 11. Bg2 0-0 12. Nf3 Nc6 13. 0-0 Re8 14. b3 Qg4 15. Qc3 Qh5 16. Rac1 Bh3 17. Bxh3 Qxh3 18. Ng5 Qh5 19. Nxf7 Re6 20. Rf4 Rae8 21. Re1 g5 22. Rf5 h6 23. Qc4 Kg7 24. Qb5 R8e7 25. Ref1 a6 26. Qc4 b5 27. Qe4 Qg6 28. Qd5 Re8 29. Rf6 Rxf6 30. Rxf6 Qb1+ 31. Kf2 Nxe5 32. Nxe5 Kxf6 33. Qf7+ Kxe5 34. Qxe8+ Kf6 35. Qf8+ Kg6 36. Qg8+ Kf6 37. Qd8+ Kg6 38. Qd3+ Qxd3 39. exd3 g4 40. e4 c5 41. Ke3 1-0

[Event "Skarnes Nord Odal op"]
[Site "Skarnes"]
[Date "2013.01.19"]
[Round "1"]
[White "Garberg, Tore"]
[Black "Hammer, Jon Ludvig"]
[Result "0-1"]
[WhiteElo "1803"]
[BlackElo "2643"]
[PlyCount "58"]
[EventDate "2013.01.18"]
[EventType "swiss"]
[EventRounds "5"]
[EventCountry "NOR"]
[SourceTitle "EXT 2014"]
[Source "ChessBase"]
[SourceDate "2013.11.20"]
[SourceVersion "1"]
[SourceVersionDate "2013.11.20"]
[SourceQuality "1"]

1. Nf3 Nf6 2. c4 g6 3. Nc3 d5 4. e3 Bg7 5. b3 0-0 6. Bb2 c6 7. Be2 Bg4 8. 0-0 Nbd7 9. Qc2 e5 10. d4 Bf5 11. Qc1 e4 12. Ne5 Rc8 13. Rd1 h5 14. h3 Nb6 15. a4 a6 16. Ba3 Re8 17. Bb4 Na8 18. Qd2 Nh7 19. cxd5 cxd5 20. f4 exf3 21. Bxf3 a5 22. Ba3 Ng5 23. Be2 Nxh3+ 24. Kf1 Qh4 25. Bb5 Bxe5 26. dxe5 Rxc3 27. Ra2 Rec8 28. gxh3 Rc2 29. Re1 Qxh3+ 0-1

[Event "Skarnes Nord Odal op"]
[Site "Skarnes"]
[Date "2013.01.18"]
[Round "3"]
[White "Garberg, Tore"]
[Black "Rygg, Snorre"]
[Result "1-0"]
[WhiteElo "1803"]
[BlackElo "1738"]
[PlyCount "49"]
[EventDate "2013.01.18"]
[EventType "swiss"]
[EventRounds "5"]
[EventCountry "NOR"]
[SourceTitle "EXT 2014"]
[Source "ChessBase"]
[SourceDate "2013.11.20"]
[SourceVersion "1"]
[SourceVersionDate "2013.11.20"]
[SourceQuality "1"]

1. e4 c5 2. c3 g6 3. d4 cxd4 4. cxd4 Bg7 5. Nc3 d6 6. Be3 Nf6 7. Rc1 0-0 8. Be2 Bd7 9. e5 Ne8 10. f4 Bc6 11. d5 Bd7 12. Nf3 Bg4 13. Bd4 Nd7 14. Nd2 Bxe2 15. Qxe2 dxe5 16. fxe5 Nb6 17. Qe4 Bh6 18. Rd1 Ng7 19. g4 f5 20. exf6 exf6 21. 0-0 Qd6 22. Qg2 Bxd2 23. Rxd2 Rad8 24. Ne4 Qb4 25. Bc5 1-0

[Event "Politiken Cup 34th"]
[Site "Helsingor"]
[Date "2012.08.01"]
[Round "6"]
[White "Gebhardt, Ulrich"]
[Black "Garberg, Tore"]
[Result "1-0"]
[WhiteElo "2222"]
[BlackElo "1956"]
[PlyCount "75"]
[EventDate "2012.07.28"]
[EventType "swiss"]
[EventRounds "10"]
[EventCountry "DEN"]
[SourceTitle "CBM 149 Extra"]
[Source "ChessBase"]
[SourceDate "2012.08.24"]
[SourceVersion "1"]
[SourceVersionDate "2012.08.24"]
[SourceQuality "1"]

1. d4 Nf6 2. c4 g6 3. g3 d5 4. cxd5 Nxd5 5. Bg2 Bg7 6. Nf3 0-0 7. 0-0 Nb6 8. Nc3 Nc6 9. e3 e5 10. d5 Ne7 11. e4 Bg4 12. h3 Bd7 13. b3 f5 14. Bb2 Nec8 15. Re1 f4 16. Kh2 Nd6 17. Rc1 g5 18. Ng1 Nbc8 19. Bf3 Ne7 20. Rc2 Ng6 21. Bg4 Be8 22. Be6+ Kh8 23. g4 f3 24. Nxf3 Qf6 25. Bf5 Nf4 26. Ne2 Qe7 27. Nxf4 gxf4 28. Be6 Bg6 29. Bxe5 Bxe5 30. Nxe5 Bxe4 31. Qd4 Kg7 32. Rxe4 Nxe4 33. Qxe4 c6 34. Nd7 Rfe8 35. dxc6 bxc6 36. Rxc6 Rad8 37. Qe5+ Kh6 38. Bf7+ 1-0

[Event "Politiken Cup 34th"]
[Site "Helsingor"]
[Date "2012.07.29"]
[Round "3"]
[White "Garberg, Tore"]
[Black "Bjerke, Richard"]
[Result "1/2-1/2"]
[WhiteElo "1956"]
[BlackElo "2162"]
[PlyCount "64"]
[EventDate "2012.07.28"]
[EventType "swiss"]
[EventRounds "10"]
[EventCountry "DEN"]
[SourceTitle "CBM 149 Extra"]
[Source "ChessBase"]
[SourceDate "2012.08.24"]
[SourceVersion "1"]
[SourceVersionDate "2012.08.24"]
[SourceQuality "1"]

1. e4 e5 2. Nf3 Nc6 3. Bb5 a6 4. Ba4 Nf6 5. d3 d6 6. c3 Be7 7. 0-0 0-0 8. Re1 b5 9. Bb3 Na5 10. Bc2 c5 11. Nbd2 Nc6 12. a4 Bb7 13. axb5 axb5 14. Rxa8 Qxa8 15. Nf1 Qa1 16. Ne3 g6 17. Qe2 Qa2 18. Qd1 Qa8 19. Nd5 Nxd5 20. exd5 Nd8 21. c4 Bf6 22. h4 Bg7 23. h5 Qc8 24. Ng5 Qd7 25. b3 b4 26. hxg6 fxg6 27. Ne4 Nf7 28. Be3 Bc8 29. Qa1 Qe7 30. Bd1 Bf5 31. Bf3 Qb7 32. Re2 Ra8 1/2-1/2

[Event "Politiken Cup 34th"]
[Site "Helsingor"]
[Date "2012.07.28"]
[Round "1"]
[White "Garberg, Tore"]
[Black "Romanov, Evgeny"]
[Result "0-1"]
[WhiteElo "1956"]
[BlackElo "2623"]
[PlyCount "54"]
[EventDate "2012.07.28"]
[EventType "swiss"]
[EventRounds "10"]
[EventCountry "DEN"]
[SourceTitle "CBM 149 Extra"]
[Source "ChessBase"]
[SourceDate "2012.08.24"]
[SourceVersion "1"]
[SourceVersionDate "2012.08.24"]
[SourceQuality "1"]

1. e4 e5 2. Nf3 Nc6 3. Bb5 g6 4. 0-0 Bg7 5. Nc3 Nge7 6. d3 a6 7. Ba4 b5 8. Bb3 Na5 9. Bg5 h6 10. Be3 Bb7 11. Qd2 Nxb3 12. axb3 f5 13. Rfe1 d6 14. exf5 Bxf3 15. gxf3 Nxf5 16. f4 Nh4 17. Qe2 Qd7 18. fxe5 0-0 19. f4 dxe5 20. Qf2 exf4 21. Bc5 Qg4+ 22. Kh1 Rf5 23. Ne4 Rxc5 24. Nxc5 Bd4 25. Ne4 Rf8 26. Qf1 f3 27. Ng3 f2 0-1

[Event "Kragero Grand Prix A"]
[Site "Kragero"]
[Date "2011.08.??"]
[Round "2"]
[White "Garberg, Tore"]
[Black "Liabotro, Pal Ole"]
[Result "0-1"]
[WhiteElo "1742"]
[BlackElo "1949"]
[PlyCount "60"]
[EventDate "2011.08.26"]
[EventType "swiss"]
[EventRounds "5"]
[EventCountry "NOR"]
[SourceTitle "EXT 2024"]
[Source "ChessBase"]
[SourceDate "2023.10.10"]
[SourceVersion "1"]
[SourceVersionDate "2023.10.10"]
[SourceQuality "1"]

1. c4 Nf6 2. g3 g6 3. Bg2 Bg7 4. Nc3 0-0 5. d4 d6 6. Nf3 c6 7. 0-0 Bf5 8. Qb3 Qb6 9. Qa3 Na6 10. Bd2 c5 11. Nb5 Be4 12. Ba5 Qc6 13. Rfd1 cxd4 14. Nfxd4 Qc5 15. f3 Bc6 16. b4 Qh5 17. Nxc6 bxc6 18. Nc3 Rac8 19. Rac1 Bh6 20. Rb1 Be3+ 21. Kh1 Bf2 22. g4 Qh4 23. Rf1 h5 24. gxh5 Nxh5 25. Ne4 Bg3 26. h3 Nf4 27. Nxg3 Qxg3 28. Rg1 Nxh3 29. Rbf1 Qh4 30. Kh2 Nf2+ 0-1